000 00567cam a2200205ua 4500
001 1521
008 110711n ii |||gr||||Z||||||eng
020 _a0-07-059693-X
040 _cMAIN
082 _a336
100 1 _aMusgrave, Richard A.,
_eAuthor.
245 1 _aPublic finance in theory and practice
_cby Richard A. Musgrave
250 _a5th.
260 _aNew Delhi:
_bTata mcgraw- hill,
_c2005.
300 _axvi; 627p:
_c23cm.
653 _aEconomics
653 _apublic finance theory and practice
700 _aMusgrave, Peggy B.,
_eAuthor.
942 _cBK
999 _c1410
_d1410